00873nam a2200241Ia 4500001000600000003000900006008004100015040001300056040001300069041001300082100002400095100002900119245005600148245005100204250001100255260001100266260001900277260004900296300005700345500017400402650002400576650003100600 2921IT-RoPAU130308s9999 xx 000 0 und d aIT-RoPAU cIT-RoPAU aITALIANO aSerpieri Alessandro gCodice Aut. SPICS: 1343 aIpotesi teorica di segmentazione del testo teatrale bCome Comunica Il Teatro: dal testo Alla Scena a1a ed. aMILANO bIl Formichiere c1978 [1° Ed.:1978 - Ed.Ling.Originale:1978] a"44 p. (prefazione: no ; testo: 44 [pagine: 11-54])" aRicerca dei Fondamenti Linguaggio Drammaturgico e Narrativo Linguaggio Comunicativo Deissi livello Performativo Anafora Assi della Lingua Teatrale prove di Segmentazione aLINGUAGGIO TEATRALE eCodice materia Spics: 8404